[Event "Durban CC-ch"]
[Site "Durban"]
[Date "2019.05.09"]
[Round "8"]
[White "Rooplal, Desmond"]
[Black "Subke, Jason James"]
[Result "1/2-1/2"]
[WhiteElo "1726"]
[BlackElo "1897"]
[PlyCount "67"]
[EventDate "2019.03.14"]
[EventType "tourn"]
[EventRounds "9"]
[EventCountry "RSA"]
[SourceTitle "EXT 2020"]
[Source "ChessBase"]
[SourceDate "2019.10.17"]
[SourceVersion "1"]
[SourceVersionDate "2019.10.17"]
[SourceQuality "1"]

1. e4 d6 2. d4 Nf6 3. Nc3 g6 4. Nf3 Bg7 5. h3 0-0 6. Be3 Nc6 7. Bb5 a6 8. Be2 e5 9. dxe5 dxe5 10. Bc5 Re8 11. Qxd8 Rxd8 12. Bc4 b6 13. Ba3 b5 14. Bd5 Nxd5 15. Nxd5 Be6 16. Ne7+ Nxe7 17. Bxe7 Rd7 18. Bb4 f6 19. b3 a5 20. Bd2 c5 21. Ke2 a4 22. Rhd1 c4 23. bxa4 Rxa4 24. Rdb1 c3 25. Bxc3 Rxe4+ 26. Kf1 Rc4 27. Bb4 Rxc2 28. a4 Ba2 29. Rd1 Bc4+ 30. Kg1 Rxd1+ 31. Rxd1 bxa4 32. Rd8+ Kf7 33. Rd7+ Kg8 34. Rd8+ 1/2-1/2

[Event "Durban CC-ch"]
[Site "Durban"]
[Date "2019.04.04"]
[Round "4"]
[White "Oliver, Henry Noel"]
[Black "Rooplal, Desmond"]
[Result "0-1"]
[WhiteElo "1787"]
[BlackElo "1726"]
[PlyCount "70"]
[EventDate "2019.03.14"]
[EventType "tourn"]
[EventRounds "9"]
[EventCountry "RSA"]
[SourceTitle "EXT 2020"]
[Source "ChessBase"]
[SourceDate "2019.10.17"]
[SourceVersion "1"]
[SourceVersionDate "2019.10.17"]
[SourceQuality "1"]

1. e4 e5 2. Nf3 Nc6 3. Bc4 Nf6 4. d3 Be7 5. Nc3 0-0 6. 0-0 d6 7. h3 h6 8. Be3 Be6 9. Bb3 d5 10. exd5 Nxd5 11. Bd2 Nxc3 12. Bxc3 Bxb3 13. axb3 Bf6 14. Re1 Re8 15. Ra4 Qd6 16. Rae4 Re7 17. Nd2 b5 18. Qh5 Bg5 19. Qf3 Rf8 20. Ra1 f5 21. Ree1 e4 22. Qd1 exd3 23. Rxe7 Nxe7 24. cxd3 Qxd3 25. Qe1 Qd7 26. Rxa7 Nc6 27. Rb7 b4 28. Nc4 bxc3 29. Qxc3 Bf6 30. Qg3 Rf7 31. h4 Nd4 32. Qg6 Rf8 33. Ne3 Ne2+ 34. Kf1 Nf4 35. Qg3 Qd3+ 0-1

[Event "World Amateur-ch U2000"]
[Site "Cagliari"]
[Date "2018.04.28"]
[Round "8"]
[White "Rooplal, Desmond"]
[Black "Garau, Francesca"]
[Result "0-1"]
[WhiteElo "1756"]
[BlackElo "1689"]
[PlyCount "98"]
[EventDate "2018.04.22"]
[EventType "swiss"]
[EventRounds "9"]
[EventCountry "ITA"]
[SourceTitle "CBM 184 Extra"]
[Source "ChessBase"]
[SourceDate "2018.06.28"]
[SourceVersion "1"]
[SourceVersionDate "2018.06.28"]
[SourceQuality "1"]

1. e4 e5 2. d4 exd4 3. Nf3 Nc6 4. Bc4 Nf6 5. e5 d5 6. Bb5 Ne4 7. 0-0 Bd7 8. Bxc6 Bxc6 9. Nxd4 Bc5 10. Be3 Qe7 11. Nxc6 bxc6 12. Bxc5 Qxc5 13. c3 0-0 14. Nd2 Nxd2 15. Qxd2 Rfe8 16. Rfe1 Rab8 17. Re3 Re6 18. Rae1 Rbe8 19. f4 Qb6 20. b3 Rd8 21. Kh1 c5 22. f5 Re7 23. Rg3 Kh8 24. Rh3 Qa6 25. f6 Rxe5 26. fxg7+ Kxg7 27. Rg3+ Kh8 28. Rg1 Rg8 29. Rxg8+ Kxg8 30. Qf2 Qd6 31. Rf1 Re7 32. h3 d4 33. Rd1 d3 34. Rd2 Rd7 35. c4 Qd4 36. Qxd4 Rxd4 37. Kg1 Kg7 38. Kf2 Kf6 39. Ke3 Ke5 40. g3 Re4+ 41. Kxd3 Rd4+ 42. Ke3 Rxd2 43. Kxd2 Kd4 44. g4 f6 45. h4 Ke4 46. g5 fxg5 47. hxg5 Kf5 48. Ke3 Kxg5 49. Kf3 Kf5 0-1

[Event "World Amateur-ch U2000"]
[Site "Cagliari"]
[Date "2018.04.22"]
[Round "1"]
[White "Rooplal, Desmond"]
[Black "Pagano, Sergio1111"]
[Result "0-1"]
[WhiteElo "1756"]
[BlackElo "1908"]
[PlyCount "76"]
[EventDate "2018.04.22"]
[EventType "swiss"]
[EventRounds "9"]
[EventCountry "ITA"]
[SourceTitle "CBM 184 Extra"]
[Source "ChessBase"]
[SourceDate "2018.06.28"]
[SourceVersion "1"]
[SourceVersionDate "2018.06.28"]
[SourceQuality "1"]

1. e4 c6 2. d4 d5 3. exd5 cxd5 4. c4 Nc6 5. Nf3 Bg4 6. cxd5 Qxd5 7. Nc3 Bxf3 8. Nxd5 Bxd1 9. Nc7+ Kd7 10. Nxa8 Bh5 11. Bf4 g5 12. Bg3 e6 13. f3 Bd6 14. d5 exd5 15. Bxd6 Kxd6 16. Nb6 axb6 17. Bd3 Nge7 18. a3 Bg6 19. Kd2 Bxd3 20. Kxd3 Ne5+ 21. Kd2 Rc8 22. b3 Nf5 23. Rac1 Rc6 24. Rb1 Nh4 25. f4 gxf4 26. g3 Nhf3+ 27. Kd1 fxg3 28. hxg3 Ng5 29. Rh4 Rc3 30. Rb4 Kc5 31. Ke2 Ne4 32. Ra4 Rxg3 33. Rc1+ Nc3+ 34. Kf1 d4 35. Ra8 Kd5 36. Rd8+ Ke4 37. Re1+ Re3 38. Rh8 d3 0-1

[Event "South African op"]
[Site "Durban"]
[Date "2017.07.18"]
[Round "7"]
[White "Rooplal, Desmond"]
[Black "Mosenya, Ndawana"]
[Result "1-0"]
[WhiteElo "1686"]
[BlackElo "2062"]
[PlyCount "126"]
[EventDate "2017.07.14"]
[EventType "swiss"]
[EventRounds "11"]
[EventCountry "RSA"]
[SourceTitle "CBM 179 Extra"]
[Source "ChessBase"]
[SourceDate "2017.08.23"]
[SourceVersion "1"]
[SourceVersionDate "2017.08.23"]
[SourceQuality "1"]

1. e4 e6 2. d4 d5 3. Nd2 c5 4. exd5 Qxd5 5. dxc5 Bxc5 6. Ngf3 Nf6 7. Bc4 Qd6 8. 0-0 Nc6 9. Nb3 Qxd1 10. Rxd1 Bb6 11. Bg5 Ng4 12. Bh4 0-0 13. h3 Nge5 14. Be2 Nxf3+ 15. Bxf3 Ne5 16. Be2 f6 17. Bg3 Nf7 18. Nd2 e5 19. Nc4 Bc5 20. Bf3 Be6 21. Na5 Nd6 22. Nxb7 Nxb7 23. Bxb7 Rab8 24. Bd5 Bxd5 25. Rxd5 Rfc8 26. b3 Rb7 27. Rad1 Bd4 28. Rd2 Kf7 29. Kf1 Ke6 30. c4 Rc6 31. f4 h5 32. fxe5 fxe5 33. Ke2 Rf7 34. Kd3 Rf5 35. Re2 Kf6 36. Be1 Re6 37. c5 Rc6 38. b4 a5 39. a3 axb4 40. axb4 Ra6 41. Kc4 Rf1 42. Kb5 Ra1 43. Bg3 Rf5 44. Kc6 Ra6+ 45. Kb7 Ra3 46. Be1 Kg6 47. b5 Rf7+ 48. Kc6 Rb3 49. b6 Kf5 50. Bf2 Rf6+ 51. Kd7 Bxf2 52. Rxf2+ Ke4 53. Rfd2 Ke3 54. Rc2 e4 55. Rc4 Rd3 56. Rxe4+ Kxe4 57. Rxd3 Kxd3 58. c6 Kd4 59. b7 Kc5 60. c7 Rf7+ 61. Kd8 Kd6 62. c8N+ Ke6 63. b8Q Kd5 1-0

[Event "World Amateur-ch U1700"]
[Site "Spoleto"]
[Date "2017.04.04"]
[Round "5"]
[White "Shadrin, Alexey A"]
[Black "Rooplal, Desmond"]
[Result "1/2-1/2"]
[WhiteElo "1544"]
[BlackElo "1652"]
[PlyCount "86"]
[EventDate "2017.04.01"]
[EventType "swiss"]
[EventRounds "9"]
[EventCountry "ITA"]
[SourceTitle "EXT 2024"]
[Source "ChessBase"]
[SourceDate "2023.10.10"]
[SourceVersion "1"]
[SourceVersionDate "2023.10.10"]
[SourceQuality "1"]

1. d4 Nf6 2. Nf3 d5 3. Bf4 c5 4. e3 Nc6 5. c3 Qb6 6. Qb3 c4 7. Qxb6 axb6 8. Nbd2 b5 9. Be2 b4 10. 0-0 Bf5 11. Ne5 e6 12. h3 Nxe5 13. Bxe5 Ne4 14. Nxe4 Bxe4 15. cxb4 Bxb4 16. f3 Bf5 17. g4 f6 18. gxf5 fxe5 19. dxe5 Bc5 20. Kf2 b5 21. Rfd1 Ke7 22. f4 Rhd8 23. fxe6 d4 24. exd4 Bxd4+ 25. Kf3 Bxb2 26. Rxd8 Rxd8 27. Rd1 Rxd1 28. Bxd1 Kxe6 29. Ke4 g6 30. Bg4+ Ke7 31. Bc8 b4 32. Ba6 c3 33. Bd3 Bc1 34. Bc2 Bd2 35. Bb3 Ke8 36. Kf3 Ke7 37. Kg4 Be3 38. h4 Kf8 39. Bc2 Kg7 40. Kg5 Bc5 41. h5 Be3 42. hxg6 hxg6 43. e6 Bc5 1/2-1/2